Missing Word: 18th Century Literature Quiz Stats

Quiz Updated Oct 21, 2014

Challenge
Share
Tweet
Embed
Score 0/16 Timer 03:00
0 Plays Today
Work Missing Word % Correct
Gulliver's _______Travels
99.4%
Robinson ______Crusoe
85.1%
____ FlandersMoll
67.9%
___ JonesTom
55.4%
The Marriage of _____Figaro
45.7%
The _____ of NationsWealth
44.3%
Tristram ______Shandy
41%
She Stoops to ______Conquer
37.2%
Work Missing Word % Correct
The Social _______Contract
35.2%
A ______ ProposalModest
35%
The _____ of WakefieldVicar
33.5%
The Rape of the ____Lock
32.7%
_______: or, OptimismCandide
27.6%
The _____ for ScandalSchool
26.9%
The Sorrows of Young _____Werther
18.4%
____ of InnocenceSongs
17.8%

Today's Daily Dose

Word Ladder
'90s Movies

Quick Pick
'Fire' Movies

On This Day
June 19th II

You're not logged in!

Compare scores with friends on all Sporcle quizzes.
Join for Free
OR
Log In

You Might Also Like...

Show Comments

Extras

Top Quizzes Today


Score Distribution

Your Account Isn't Verified!

In order to create a playlist on Sporcle, you need to verify the email address you used during registration. Go to your Sporcle Settings to finish the process.

Report this User

Report this user for behavior that violates our Community Guidelines.

Details: